000 00675nam a22001575i 4500
001 154330
003 ES-MaACL
005 20230906205653.0
008 050906s1893 pl | |||||||| ||lat d
040 _aCAM
_bspa
_cCAM
245 0 0 _aGnomologium Parisinum ineditum
_b: appendix Vaticana /
_cedidit Leo Sternbach.
260 _aCracovia :
_bsumptibus Academia Litterarum :
_bapud Bibliopolam Societatis Librariae Polonicae,
_c1893 (
_fTypis Universitatis Iagellonicae, provisore A.M. Kosterkiewicz)
300 _a84 p. ;
_c26 cm.
700 0 _aSternbach, Leo.
_9108132
852 _aES-MaACL
_jT-838-F-7
_z-- Enc. hol. conservando la cub. original
_z-- Enc. en un vol. facticio
999 _c154330
_d154330